000 00637nam a2200229Ia 4500
005 20230502172641.0
008 230125s9999 xx 000 0 und d
020 _a9788176495547
041 _aeng
082 _a658.4012
_bPOL
100 _aPollar O
_9117381
245 _a50 - Minute : Dynamics Of Diversity
250 _a1st Ed.
260 _c2004
_bViva Books
_aNew Delhi
300 _a79p
500 _aSeries Book;Viva Crisp Fifty Minute Series;BPSM
650 _aSeries Book;Viva Crisp Fifty Minute Series;BPSM
_9181339
700 _aPollar O & Gonzalez R
_9118346
906 _b27.72
942 _cBK
999 _c96380
_d96380